| 000 | 00382nam a2200157Ia 4500 | ||
|---|---|---|---|
| 008 | 160316s1960 xxu||||| |||| 00| 0 eng d | ||
| 082 |
_a342.027300 _bWHE |
||
| 100 | _aWheare K C | ||
| 245 | _aModern constitutions | ||
| 250 | _a2nd | ||
| 260 |
_aLondon _bOxford University Press _c1960 |
||
| 300 |
_a150p _b _cvii |
||
| 365 | _bRs. | ||
| 650 | _a1.Constitutional Law | ||
| 700 |
_a _a |
||
| 999 |
_c6560 _d6560 |
||